000 00289nam a22001217a 4500
003 SGT
082 _a371.36,YAD
100 _aYADAV PRIYANKA
245 _aAPPLICATION OF ICT IN EDUCATION
260 _aNEW DELHI
_bRENOVA INTERNATIONAL PUBLICATIONS
_c2025
300 _a162
942 _2ddc
_cBK
999 _c33236
_d33236